[Event "22nd Reykjavik op"]
[Site "Reykjavik ISL"]
[Date "2006.03.07"]
[Round "2.11"]
[White "Thorfinnsson, Bragi"]
[Black "Nataf, Igor-Alexandre"]
[WhiteElo "2367"]
[BlackElo "2553"]
[Result "0-1"]
[EventDate "2006.03.06"]
[PlyCount "64"]

1.d4 Nf6 2.c4 g6 3.Nc3 Bg7 4.e4 d6 5.Nf3 O-O 6.Be2 c5 7.O-O Nc6 8.d5 Na5 
9.Bg5 h6 10.Bh4 e5 11.a3 b6 12.b4 Nb7 13.Ne1 Bd7 14.Nd3 Rc8 15.bxc5 Nxc5 
16.Nxc5 Rxc5 17.f3 Qc7 18.Bf2 h5 19.a4 a5 20.Qb3 Bh6 21.Rab1 Rb8 22.Qa3 
Ne8 23.Rfd1 Qd8 24.Nb5 Bxb5 25.Bxc5 dxc5 26.Rxb5 Nd6 27.Rb3 h4 28.Qb2 Bf4 
29.Rb1 Nc8 30.Kh1 Rb7 31.Rb5 Rd7 32.Rxb6 Qxb6 0-1

[Event "22nd Reykjavik op"]
[Site "Reykjavik ISL"]
[Date "2006.03.07"]
[Round "2.13"]
[White "Sigfusson, Sigurdur"]
[Black "Rogers, Ian"]
[WhiteElo "2339"]
[BlackElo "2547"]
[Result "1/2-1/2"]
[EventDate "2006.03.06"]
[PlyCount "42"]

1.e4 c5 2.Nf3 Nc6 3.d4 cxd4 4.Nxd4 Nf6 5.Nc3 e5 6.Ndb5 d6 7.Bg5 a6 8.Na3 
b5 9.Nd5 Be7 10.Bxf6 Bxf6 11.c3 Ne7 12.Nc2 Nxd5 13.exd5 Qb6 14.Qf3 a5 15.
Bd3 Bg5 16.O-O g6 17.Qe2 b4 18.Bb5+ Kf8 19.cxb4 axb4 20.Nxb4 Kg7 21.Nc6 h5
1/2-1/2

[Event "22nd Reykjavik op"]
[Site "Reykjavik ISL"]
[Date "2006.03.07"]
[Round "2.14"]
[White "Galego, Luis"]
[Black "Bergsson, Snorri"]
[WhiteElo "2538"]
[BlackElo "2316"]
[Result "1-0"]
[EventDate "2006.03.06"]
[PlyCount "79"]

1.e4 e6 2.d4 d5 3.exd5 exd5 4.Nf3 Bd6 5.h3 Nc6 6.c4 dxc4 7.Bxc4 Nf6 8.O-O 
O-O 9.Nc3 Bf5 10.Re1 Re8 11.Be3 Na5 12.Bf1 a6 13.Qd2 b5 14.Bg5 Be7 15.Bxf6
gxf6 16.Qf4 Qd7 17.Ne4 Kg7 18.Rac1 Bxe4 19.Rxe4 Bd6 20.Qh4 Rxe4 21.Qxe4 
Re8 22.Qc2 Bf4 23.Rd1 Qd5 24.a4 c6 25.axb5 axb5 26.Nh4 Qb3 27.Nf5+ Kh8 28.
Qxb3 Nxb3 29.g3 Bd2 30.Bg2 c5 31.dxc5 Re5 32.Nd4 Nxd4 33.Rxd2 Ne6 34.c6 
Rc5 35.f4 Kg7 36.Kf2 f5 37.Ke3 Kf6 38.Bf3 b4 39.Rd7 Nf8 40.Rb7 1-0

[Event "22nd Reykjavik op"]
[Site "Reykjavik ISL"]
[Date "2006.03.07"]
[Round "2.16"]
[White "Kveinys, Aloyzas"]
[Black "Mamedjarova, Turkan"]
[WhiteElo "2517"]
[BlackElo "2308"]
[Result "1-0"]
[EventDate "2006.03.06"]
[PlyCount "83"]

1.d4 d5 2.c4 e6 3.Nc3 Nf6 4.cxd5 exd5 5.Bg5 Be7 6.e3 c6 7.Bd3 O-O 8.Qc2 
Nbd7 9.Nf3 Re8 10.h3 Nf8 11.Bf4 Be6 12.O-O Bd6 13.Ne5 Bxe5 14.Bxe5 N6d7 
15.Bg3 f6 16.Rfe1 Bf7 17.e4 Nb6 18.e5 fxe5 19.dxe5 Qg5 20.Kh2 Qh6 21.f4 
Ne6 22.f5 Nf4 23.Rf1 Nxd3 24.Qxd3 Nc4 25.e6 Bxe6 26.fxe6 Rxe6 27.Bf4 Qf6 
28.b3 Ne5 29.Qd2 Rae8 30.Bg3 Qg6 31.Rae1 Qd3 32.Qxd3 Nxd3 33.Rxe6 Rxe6 34.
Rd1 Nb4 35.Bf2 b6 36.a3 Nc2 37.Rd2 Ne3 38.Kg1 Nf5 39.b4 Nd6 40.a4 Ne4 41.
Re2 Ng5 42.a5 1-0

[Event "22nd Reykjavik op"]
[Site "Reykjavik ISL"]
[Date "2006.03.07"]
[Round "2.17"]
[White "Zaremba, Andrie"]
[Black "Matamoros Franco, Carlos"]
[WhiteElo "2316"]
[BlackElo "2510"]
[Result "1/2-1/2"]
[EventDate "2006.03.06"]
[PlyCount "77"]

1.d4 Nf6 2.Nf3 g6 3.c4 Bg7 4.Nc3 O-O 5.g3 d6 6.Bg2 Nbd7 7.O-O e5 8.h3 a6 
9.e4 b5 10.cxb5 axb5 11.b4 c5 12.dxc5 dxc5 13.bxc5 Nxc5 14.Be3 Ncxe4 15.
Qxd8 Rxd8 16.Nxe4 Nxe4 17.Ng5 Nxg5 18.Bxg5 Be6 19.Bxd8 Rxd8 20.Rfd1 Rxd1+ 
21.Rxd1 Bxa2 22.Bd5 Bxd5 23.Rxd5 h5 24.Rxb5 f5 25.f3 e4 26.fxe4 fxe4 27.
Kg2 Bf6 28.Rb7 Kf8 29.Kf2 Bd4+ 30.Ke2 Be5 31.g4 hxg4 32.hxg4 Bf6 33.Ke3 
Kg8 34.Kxe4 Kf8 35.Kd5 Kg8 36.Ke6 Bd4 37.g5 Bc3 38.Rb3 Ba1 39.Rb8+ 1/2-1/2

[Event "22nd Reykjavik op"]
[Site "Reykjavik ISL"]
[Date "2006.03.07"]
[Round "2.20"]
[White "Vovk, Oksana"]
[Black "Brynell, Stellan"]
[WhiteElo "2164"]
[BlackElo "2493"]
[Result "0-1"]
[EventDate "2006.03.06"]
[PlyCount "74"]

1.c4 Nf6 2.Nc3 e5 3.Nf3 Nc6 4.e3 Be7 5.d4 exd4 6.Nxd4 O-O 7.Be2 d5 8.cxd5 
Nb4 9.O-O Nbxd5 10.Nxd5 Qxd5 11.b3 c6 12.Bb2 a5 13.Qc2 Re8 14.Rfd1 Qg5 15.
Nf3 Qh6 16.Ne5 Be6 17.Bc4 Nd5 18.Nf3 Rad8 19.Nd4 Bd6 20.g3 Bg4 21.Rdc1 Be5
22.a3 Nxe3 23.Qd3 Bxd4 24.Bxd4 Nxc4 25.Qxc4 Be6 26.Qc3 Bd5 27.Re1 Qh3 28.
f3 f6 29.Bb6 Ra8 30.Rad1 h5 31.Bc7 Qf5 32.Kf2 Kf7 33.Rxe8 Rxe8 34.Rd3 Qh3 
35.Re3 Qxh2+ 36.Kf1 Rxe3 37.Qxe3 h4 0-1

[Event "22nd Reykjavik op"]
[Site "Reykjavik ISL"]
[Date "2006.03.07"]
[Round "2.21"]
[White "Adly, Ahmed"]
[Black "Magnusson, Bjarni"]
[WhiteElo "2473"]
[BlackElo "2016"]
[Result "1-0"]
[EventDate "2006.03.06"]
[PlyCount "85"]

1.d4 Nf6 2.Nf3 e6 3.e3 d5 4.b3 Be7 5.Bb2 O-O 6.Nbd2 Nbd7 7.Bd3 c5 8.O-O b6
9.Ne5 Nxe5 10.dxe5 Nd7 11.f4 f5 12.c4 Bb7 13.cxd5 Bxd5 14.e4 fxe4 15.Nxe4 
Rc8 16.Qh5 g6 17.Qh3 Qe8 18.Nc3 c4 19.bxc4 Bc5+ 20.Kh1 Bb7 21.Ne4 Bxe4 22.
Bxe4 Bb4 23.Bd3 Bd2 24.Qg4 Nc5 25.Bc2 Rd8 26.Rad1 Bb4 27.h4 Rxd1 28.Rxd1 
Qf7 29.Bc1 Kh8 30.Be3 Na6 31.Be4 Bc5 32.Bc1 Be7 33.Qh3 Nc5 34.Bc2 Rd8 35.
Rxd8+ Bxd8 36.Be3 Qe7 37.h5 gxh5 38.Qxh5 Nb7 39.g3 Na5 40.f5 Nxc4 41.f6 
Qb7+ 42.Kh2 Qd7 43.f7 1-0

[Event "22nd Reykjavik op"]
[Site "Reykjavik ISL"]
[Date "2006.03.07"]
[Round "2.22"]
[White "Gretarsson, Hjorvar Steinn"]
[Black "Ermenkov, Evgenij"]
[WhiteElo "2046"]
[BlackElo "2462"]
[Result "0-1"]
[EventDate "2006.03.06"]
[PlyCount "122"]

1.Nf3 g6 2.c4 Bg7 3.g3 Nf6 4.Bg2 d5 5.O-O dxc4 6.Qa4+ Nfd7 7.Qxc4 Nb6 8.
Qc2 e5 9.Nc3 Nc6 10.d3 h6 11.a3 O-O 12.b4 Re8 13.Rb1 Nd4 14.Nxd4 exd4 15.
Nd1 Nd5 16.e4 dxe3 17.fxe3 c6 18.Re1 Be6 19.Bb2 Nf6 20.Nf2 a5 21.b5 cxb5 
22.Bxf6 Bxf6 23.Bxb7 Rb8 24.Rxb5 a4 25.Ba6 Rxb5 26.Bxb5 Qa5 27.Bxe8 Qxe1+ 
28.Kg2 Qxe3 29.Bxa4 Bd4 30.Bc6 Bb3 31.Qxb3 Qxf2+ 32.Kh3 Qf1+ 33.Bg2 Qf5+ 
34.g4 Qf4 35.Qd1 Be5 36.Qg1 h5 37.Be4 hxg4+ 38.Kg2 Kg7 39.Kh1 f5 40.Bg2 
Kh6 41.Bf1 Bd6 42.Be2 Bxa3 43.Qa1 Be7 44.Qh8+ Kg5 45.h4+ gxh3 46.Qxh3 Bc5 
47.Qg2+ Kf6 48.Qc6+ Bd6 49.Kg2 g5 50.Qc3+ Kg6 51.Qc6 Qh2+ 52.Kf1 g4 53.d4 
Kg5 54.Qd5 Qf4+ 55.Kg1 Kf6 56.Qa8 Qh2+ 57.Kf1 Qh3+ 58.Ke1 Bb4+ 59.Kd1 Qb3+
60.Kc1 Qc3+ 61.Kb1 Qe1+ 0-1

[Event "22nd Reykjavik op"]
[Site "Reykjavik ISL"]
[Date "2006.03.07"]
[Round "2.25"]
[White "Ivanisevic, Ivan"]
[Black "Sanchez Castillo, Sarai"]
[WhiteElo "2588"]
[BlackElo "2177"]
[Result "1-0"]
[EventDate "2006.03.06"]
[PlyCount "71"]

1.d4 d5 2.c4 c6 3.Nf3 e6 4.Nc3 Nf6 5.Bg5 Nbd7 6.cxd5 exd5 7.e3 Be7 8.Qc2 
O-O 9.Bd3 Re8 10.h3 h6 11.Bf4 a6 12.O-O Nf8 13.Rad1 Ne6 14.Bh2 Bd6 15.Ne5 
Qe7 16.Kh1 Bxe5 17.Bxe5 Ng5 18.f3 Nh5 19.Rde1 Qd8 20.Qf2 f5 21.f4 Ne4 22.
Bxe4 dxe4 23.Rg1 Nf6 24.g4 fxg4 25.Qh4 h5 26.Qg5 Qe7 27.f5 Kf8 28.Ref1 Qf7
29.Rf4 Nh7 30.Qg6 Kg8 31.Nxe4 Qxg6 32.fxg6 Ng5 33.hxg4 Nh3 34.Rf7 Nxg1 35.
Rxg7+ Kf8 36.Rf7+ 1-0

[Event "22nd Reykjavik op"]
[Site "Reykjavik ISL"]
[Date "2006.03.07"]
[Round "2.26"]
[White "Panchanathan, Magesh Chandran"]
[Black "Gara, Ticia"]
[WhiteElo "2494"]
[BlackElo "2265"]
[Result "0-1"]
[EventDate "2006.03.06"]
[PlyCount "78"]

1.Nf3 Nf6 2.g3 g6 3.Bg2 Bg7 4.O-O O-O 5.d4 d5 6.c4 dxc4 7.Na3 c3 8.bxc3 c5
9.Ne5 Nd5 10.Qb3 Nxc3 11.Qxc3 cxd4 12.Qc5 Na6 13.Qb5 Nc7 14.Qa5 b6 15.Qa4 
Bxe5 16.Bxa8 Nxa8 17.Bh6 Re8 18.Qxa7 Qd5 19.Qa4 Nc7 20.Qc4 Qa5 21.Qc1 b5 
22.Qc5 Bd6 23.Nc4 Qc3 24.Nxd6 Qxc5 25.Nxe8 Nxe8 26.Rac1 Qf5 27.Rfd1 Bb7 
28.f3 g5 29.Rxd4 Qf6 30.Rd7 Qxh6 31.Rxb7 Qe6 32.Kf2 Nd6 33.Rb8+ Kg7 34.Rc5
h6 35.Rc2 Qf5 36.Rc7 Nc4 37.Rbb7 Qh3 38.Kg1 Ne3 39.Kf2 Nd5 0-1

[Event "22nd Reykjavik op"]
[Site "Reykjavik ISL"]
[Date "2006.03.07"]
[Round "2.29"]
[White "Berg, Runar"]
[Black "Marinelli, Tullio"]
[WhiteElo "2128"]
[BlackElo "2391"]
[Result "1/2-1/2"]
[EventDate "2006.03.06"]
[PlyCount "65"]

1.e4 c5 2.Nf3 d6 3.d4 cxd4 4.Nxd4 Nf6 5.Nc3 a6 6.Be2 e5 7.Nb3 Be7 8.Be3 
Be6 9.O-O O-O 10.f4 exf4 11.Rxf4 Nc6 12.Nd4 Ne5 13.Rf1 Rc8 14.Nxe6 fxe6 
15.Bd4 Qa5 16.Bd3 Nc4 17.Bxc4 Rxc4 18.Qd3 Qc7 19.Kh1 b5 20.a3 Rc8 21.Rae1 
e5 22.Be3 Rxc3 23.bxc3 Qxc3 24.a4 Qxc2 25.Qxc2 Rxc2 26.axb5 axb5 27.Bg5 b4
28.Bxf6 gxf6 29.Rc1 Re2 30.Rfe1 Rd2 31.Red1 Re2 32.Re1 Rd2 33.Red1 1/2-1/2

[Event "22nd Reykjavik op"]
[Site "Reykjavik ISL"]
[Date "2006.03.07"]
[Round "2.31"]
[White "Kristjansson, Stefan"]
[Black "Johnson, Ben"]
[WhiteElo "2476"]
[BlackElo "2189"]
[Result "1-0"]
[EventDate "2006.03.06"]
[PlyCount "47"]

1.e4 e6 2.d4 d5 3.e5 b6 4.Bb5+ c6 5.Ba4 Ba6 6.c3 Ne7 7.Ne2 Nd7 8.O-O Qc7 
9.Re1 Bxe2 10.Qxe2 h5 11.Nd2 Nf5 12.Nf3 Be7 13.Bg5 Bxg5 14.Nxg5 Nf8 15.c4 
b5 16.cxb5 Qa5 17.Qd1 cxb5 18.Bc2 Qb6 19.Bxf5 exf5 20.Qf3 Nh7 21.Nxh7 Rxh7
22.e6 g6 23.Qxd5 Rd8 24.exf7+ 1-0

[Event "22nd Reykjavik op"]
[Site "Reykjavik ISL"]
[Date "2006.03.07"]
[Round "2.32"]
[White "Baldursson, Hrannar"]
[Black "Ward, Christopher"]
[WhiteElo "2174"]
[BlackElo "2475"]
[Result "0-1"]
[EventDate "2006.03.06"]
[PlyCount "110"]

1.e4 c5 2.Nc3 Nc6 3.f4 e6 4.Nf3 a6 5.a4 d5 6.d3 Nf6 7.Be2 b6 8.O-O Bb7 9.
Qe1 Qc7 10.Kh1 Be7 11.f5 d4 12.fxe6 dxc3 13.exf7+ Kxf7 14.Ng5+ Ke8 15.Ne6 
Qd7 16.Nxg7+ Kd8 17.Nf5 Nd4 18.Nxe7 cxb2 19.Bxb2 Qxe7 20.Bxd4 cxd4 21.Qf2 
Nd7 22.Qxd4 Rg8 23.Rf5 Qg7 24.Qg1 Kc7 25.a5 b5 26.Raf1 Raf8 27.h3 Rxf5 28.
Rxf5 Kb8 29.Bf3 Ka8 30.d4 Rf8 31.Rxf8+ Nxf8 32.Qe3 Ne6 33.e5 Qg5 34.Bxb7+ 
Kxb7 35.Qf3+ Kc8 36.Qa8+ Kd7 37.Qd5+ Ke7 38.Qb7+ Kf8 39.Qc8+ Kf7 40.Qd7+ 
Qe7 41.Qd5 Kg7 42.Qf3 Qg5 43.Qd1 Nf4 44.Qf1 Qg3 45.Qg1 Kg6 46.Qf1 Kf5 47.
Qg1 Ke6 48.Qf1 Kd5 49.c3 h5 50.Qg1 Qxc3 51.g3 Qf3+ 52.Kh2 Qe2+ 53.Kh1 Nxh3
54.Qb1 Nf2+ 55.Kg1 Qd1+ 0-1

[Event "22nd Reykjavik op"]
[Site "Reykjavik ISL"]
[Date "2006.03.07"]
[Round "2.33"]
[White "Eichab, Charles"]
[Black "Mankeyev, Rauan"]
[WhiteElo "2157"]
[BlackElo "2381"]
[Result "0-1"]
[EventDate "2006.03.06"]
[PlyCount "48"]

1.e4 c5 2.Nf3 d6 3.d4 cxd4 4.Nxd4 Nf6 5.Nc3 g6 6.Be3 Bg7 7.f3 Nc6 8.Qd2 
O-O 9.g4 Be6 10.Nxe6 fxe6 11.O-O-O Ne5 12.Be2 Rc8 13.h4 Qa5 14.h5 b5 15.
hxg6 b4 16.Nb1 hxg6 17.Bh6 Rc5 18.Bxg7 Kxg7 19.Qh6+ Kf7 20.Rd2 Rfc8 21.Qe3
Qxa2 22.f4 Nc4 23.Bxc4 Qxc4 24.e5 Nd5 0-1

[Event "22nd Reykjavik op"]
[Site "Reykjavik ISL"]
[Date "2006.03.07"]
[Round "2.34"]
[White "Hardarson, Robert"]
[Black "Gutierrez Castillo, Paloma"]
[WhiteElo "2369"]
[BlackElo "2158"]
[Result "1/2-1/2"]
[EventDate "2006.03.06"]
[PlyCount "48"]

1.e4 e5 2.Nf3 Nc6 3.d4 exd4 4.Bc4 Bc5 5.c3 Nf6 6.cxd4 Bb4+ 7.Nc3 Nxe4 8.
O-O Bxc3 9.d5 Ne5 10.bxc3 Nxc4 11.Qd4 O-O 12.Qxe4 Nd6 13.Qf4 Ne8 14.d6 
Nxd6 15.Ba3 b6 16.Bxd6 cxd6 17.Nd4 Bb7 18.Rfe1 Qc7 19.Re3 Rae8 20.Rg3 Qc5 
21.Nf5 Qe5 22.Rxg7+ Kh8 23.Rxh7+ Kxh7 24.Qh6+ Kg8 1/2-1/2

[Event "22nd Reykjavik op"]
[Site "Reykjavik ISL"]
[Date "2006.03.07"]
[Round "2.35"]
[White "Arngrimsson, Dagur"]
[Black "Thorsteinsdottir, Gudlaug"]
[WhiteElo "2298"]
[BlackElo "2147"]
[Result "1-0"]
[EventDate "2006.03.06"]
[PlyCount "81"]

1.e4 c5 2.c3 d5 3.exd5 Qxd5 4.d4 Nf6 5.Nf3 Bg4 6.dxc5 Qxc5 7.Na3 Qd5 8.
Qa4+ Bd7 9.Nb5 Na6 10.Be3 e6 11.Qxa6 bxa6 12.Nc7+ Kd8 13.Nxd5 Nxd5 14.Bxa6
Nxe3 15.fxe3 Bc5 16.Ke2 f6 17.b4 Bd6 18.Rhd1 Ke7 19.Rd2 Rhd8 20.a3 g5 21.
g3 Rab8 22.Bd3 g4 23.Nd4 h5 24.c4 h4 25.c5 Be5 26.Rg1 hxg3 27.hxg3 Rh8 28.
Kd1 Rh3 29.Kc2 f5 30.Rdg2 Ba4+ 31.Kd2 Bd7 32.Ba6 Ba4 33.Kd3 Bxd4 34.Kxd4 
Rd8+ 35.Kc3 Bc6 36.Rb2 Be4 37.Bc4 e5 38.b5 f4 39.exf4 exf4 40.Re2 Kf6 41.
Rxe4 1-0

[Event "22nd Reykjavik op"]
[Site "Reykjavik ISL"]
[Date "2006.03.07"]
[Round "2.38"]
[White "Ragnarsson, Johann"]
[Black "Johannesson, Ingvar Thor"]
[WhiteElo "2134"]
[BlackElo "2269"]
[Result "0-1"]
[EventDate "2006.03.06"]
[PlyCount "72"]

1.d4 g6 2.c4 Bg7 3.Nc3 Nf6 4.e4 d6 5.Be2 O-O 6.g4 Na6 7.h4 e5 8.d5 Nc5 9.
f3 a5 10.Bg5 c6 11.Qd2 cxd5 12.cxd5 Bd7 13.Nh3 Qe8 14.Be3 Rc8 15.Kf1 b5 
16.Bxc5 Rxc5 17.Kg2 Qb8 18.Rhc1 Rfc8 19.Nf2 Qb6 20.Nd3 R5c7 21.Nd1 Ne8 22.
Rxc7 Rxc7 23.Rc1 Bf6 24.Rxc7 Qxc7 25.Kg3 Kg7 26.h5 h6 27.hxg6 fxg6 28.N1f2
Bg5 29.Qd1 Qb6 30.Qc2 Be3 31.Nd1 Bd4 32.Bf1 Nf6 33.Nc3 h5 34.gxh5 Nxh5+ 
35.Kh2 Qd8 36.Qg2 Qh4+ 0-1

[Event "22nd Reykjavik op"]
[Site "Reykjavik ISL"]
[Date "2006.03.07"]
[Round "2.39"]
[White "Krockenberger, Martin"]
[Black "Scheeff, Volker"]
[WhiteElo "2267"]
[BlackElo "2142"]
[Result "1/2-1/2"]
[EventDate "2006.03.06"]
[PlyCount "34"]

1.e4 c5 2.c3 d5 3.exd5 Qxd5 4.d4 Nc6 5.Nf3 cxd4 6.cxd4 e5 7.Nc3 Bb4 8.Bd2 
Bxc3 9.Bxc3 e4 10.Ne5 Nxe5 11.dxe5 Ne7 12.Qe2 O-O 13.Rd1 Qc6 14.Rd6 Qa4 
15.b3 Qa3 16.Qd2 Qc5 17.Bc4 Be6 1/2-1/2

[Event "22nd Reykjavik op"]
[Site "Reykjavik ISL"]
[Date "2006.03.07"]
[Round "2.40"]
[White "Kjartansson, David"]
[Black "Olafsson, Thorvardur"]
[WhiteElo "2260"]
[BlackElo "2132"]
[Result "1-0"]
[EventDate "2006.03.06"]
[PlyCount "49"]

1.a3 g6 2.Nf3 Bg7 3.e3 Nf6 4.c4 O-O 5.Be2 d5 6.cxd5 Nxd5 7.O-O Nc6 8.Qc2 
Nb6 9.Nc3 Bf5 10.d3 Qd7 11.Ne4 Rad8 12.Rd1 Qc8 13.Bd2 Bxe4 14.dxe4 Ne5 15.
Ne1 c6 16.Rac1 Qe6 17.f4 Ng4 18.f5 gxf5 19.exf5 Rxd2 20.fxe6 Rxc2 21.Nxc2 
Nh6 22.exf7+ Rxf7 23.Rd8+ Rf8 24.Rxf8+ Kxf8 25.Rf1+ 1-0

[Event "22nd Reykjavik op"]
[Site "Reykjavik ISL"]
[Date "2006.03.07"]
[Round "2.43"]
[White "Einarsson, Bergsteinn"]
[Black "Bjornsson, Sverrir Orn"]
[WhiteElo "2245"]
[BlackElo "2108"]
[Result "1/2-1/2"]
[EventDate "2006.03.06"]
[PlyCount "53"]

1.d4 Nf6 2.c4 e6 3.Nc3 Bb4 4.e3 b6 5.Bd3 Bb7 6.Nf3 Ne4 7.Qc2 f5 8.O-O Bxc3
9.bxc3 O-O 10.Nd2 Nxd2 11.Bxd2 Qh4 12.f3 Nc6 13.Rae1 Na5 14.e4 fxe4 15.
Bxe4 Bxe4 16.Rxe4 Qh5 17.Re5 Rf5 18.g4 Qg6 19.Qe4 Raf8 20.c5 Nc4 21.Rxf5 
exf5 22.Qd5+ Qf7 23.Qxf7+ Rxf7 24.Bf4 fxg4 25.fxg4 bxc5 26.dxc5 d5 27.cxd6
1/2-1/2

[Event "22nd Reykjavik op"]
[Site "Reykjavik ISL"]
[Date "2006.03.07"]
[Round "2.44"]
[White "Thorgeirsson, Sverrir"]
[Black "Bjarnason, Saevar"]
[WhiteElo "1954"]
[BlackElo "2240"]
[Result "1/2-1/2"]
[EventDate "2006.03.06"]
[PlyCount "99"]

1.Nc3 e5 2.e4 Nf6 3.Nf3 Bb4 4.Nxe5 O-O 5.Be2 Re8 6.Nf3 Bxc3 7.dxc3 Nxe4 8.
O-O d6 9.Bf4 Nc6 10.Re1 Bf5 11.Bb5 Nc5 12.Qd2 a6 13.Bxc6 bxc6 14.Nd4 Qd7 
15.f3 Bg6 16.Bg3 h6 17.b3 Ne6 18.Nxe6 fxe6 19.c4 c5 20.Rad1 Qc6 21.Qc3 e5 
22.f4 e4 23.Bf2 Rf8 24.Be3 Qd7 25.Rd5 Qe6 26.Rf1 Be8 27.Qe1 Bc6 28.Rd2 Kh7
29.Qh4 Qf6 30.Qxf6 Rxf6 31.Rdf2 Re8 32.Rd1 h5 33.Kf1 h4 34.Ke1 Ref8 35.
Rdd2 R8f7 36.Rd1 Bd7 37.Rd5 h3 38.g3 Bf5 39.Rfd2 Rg6 40.Rf2 Kg8 41.Kf1 Bg4
42.Kg1 Kf8 43.Rdd2 Bf3 44.Rd5 Ke8 45.Rfd2 Re6 46.Kf2 Bg2 47.Rg5 g6 48.Kg1 
Kd7 49.Rxc5 Rf5 50.Rdd5 1/2-1/2

[Event "22nd Reykjavik op"]
[Site "Reykjavik ISL"]
[Date "2006.03.07"]
[Round "2.45"]
[White "Bick, John"]
[Black "Asbjornsson, Ingvar"]
[WhiteElo "2238"]
[BlackElo "1996"]
[Result "1-0"]
[EventDate "2006.03.06"]
[PlyCount "65"]

1.d4 d5 2.c4 c6 3.cxd5 cxd5 4.Nc3 Nf6 5.Nf3 Nc6 6.Bf4 Ne4 7.e3 Nxc3 8.bxc3
g6 9.Bd3 Bg7 10.O-O O-O 11.e4 b6 12.Re1 Bb7 13.e5 Qc8 14.Rc1 Ba6 15.Bb1 
Nd8 16.Qd2 Ne6 17.Bh6 Qd7 18.h4 Rfc8 19.h5 Qe8 20.Bxg7 Kxg7 21.Nh4 Qc6 22.
f4 Rg8 23.f5 gxf5 24.Nxf5+ Kf8 25.Qh6+ Ke8 26.Qxh7 Kd7 27.Qxf7 Rae8 28.h6 
Ng5 29.e6+ Kd8 30.Nxe7 Qb7 31.Qxg8 Rxg8 32.Nxg8 Ne4 33.e7+ 1-0

[Event "22nd Reykjavik op"]
[Site "Reykjavik ISL"]
[Date "2006.03.07"]
[Round "2.49"]
[White "Hagesaether, Ellen"]
[Black "Omarsson, Dadi"]
[WhiteElo "2202"]
[BlackElo "1714"]
[Result "1-0"]
[EventDate "2006.03.06"]
[PlyCount "65"]

1.Nf3 Nf6 2.g3 g6 3.Bg2 Bg7 4.d3 O-O 5.O-O d6 6.e4 e5 7.c3 Nc6 8.b4 a6 9.
Nbd2 d5 10.Qc2 dxe4 11.dxe4 Be6 12.Bb2 Qe7 13.a3 Nd7 14.Rfe1 f5 15.exf5 
gxf5 16.Re2 Rae8 17.Rae1 e4 18.Nd4 Nxd4 19.cxd4 Qd6 20.Nb3 Qd5 21.Nc5 Nxc5
22.dxc5 Qc4 23.Qd2 Bxb2 24.Qxb2 Bd5 25.Rc1 Qb5 26.Qd2 c6 27.Qg5+ Kh8 28.
Re3 a5 29.Rb1 b6 30.Bf1 Bc4 31.Rd1 Rf7 32.Rd8 Rff8 33.Rd7 1-0

[Event "22nd Reykjavik op"]
[Site "Reykjavik ISL"]
[Date "2006.03.08"]
[Round "3.5"]
[White "Brynell, Stellan"]
[Black "Hamdouchi, Hichem"]
[WhiteElo "2493"]
[BlackElo "2575"]
[Result "1/2-1/2"]
[EventDate "2006.03.06"]
[PlyCount "61"]

1.d4 d6 2.g3 g6 3.Bg2 Bg7 4.Nf3 f5 5.O-O Nf6 6.c4 O-O 7.Nc3 Qe8 8.Nd5 Nxd5
9.cxd5 Nd7 10.Ng5 Nf6 11.Qb3 Rb8 12.Bd2 h6 13.Ne6 Bxe6 14.dxe6 c6 15.Rac1 
Ne4 16.Bxe4 fxe4 17.Qa4 g5 18.Qxa7 Qg6 19.d5 cxd5 20.Rc7 Qxe6 21.Rxb7 Ra8 
22.Rxe7 Rxa7 23.Rxe6 Rd8 24.Bb4 Rb7 25.Rxd6 Rxd6 26.Bxd6 Rxb2 27.Rd1 Rxe2 
28.Rxd5 Rxa2 29.Be5 Bf8 30.Bd6 Bg7 31.Be5 1/2-1/2

[Event "22nd Reykjavik op"]
[Site "Reykjavik ISL"]
[Date "2006.03.08"]
[Round "3.7"]
[White "Ermenkov, Evgenij"]
[Black "Tregubov, Pavel"]
[WhiteElo "2462"]
[BlackElo "2556"]
[Result "0-1"]
[EventDate "2006.03.06"]
[PlyCount "173"]

1.e4 c5 2.a3 g6 3.Nf3 Bg7 4.c3 d5 5.exd5 Qxd5 6.d4 Nf6 7.Be2 O-O 8.O-O 
cxd4 9.cxd4 Rd8 10.Nc3 Qd6 11.h3 Nc6 12.Be3 Nd5 13.Nxd5 Qxd5 14.Rc1 Be6 
15.Rc3 Qd7 16.Qc1 Bd5 17.Rd1 Qe8 18.b4 a6 19.Rc5 e6 20.b5 Bxf3 21.Bxf3 
Nxd4 22.Bxd4 Bxd4 23.Rc4 e5 24.bxa6 Rxa6 25.Bxb7 Rad6 26.Re1 Qb5 27.Rb4 
Qa5 28.Bf3 Qa7 29.Rb7 Bxf2+ 30.Kf1 Qd4 31.Re4 Qc5 32.Qxc5 Bxc5 33.Rxe5 
Bxa3 34.Ra5 Bc1 35.Rc7 Be3 36.Ra8 Rxa8 37.Bxa8 h5 38.Be4 h4 39.Ke2 Bf4 40.
Rb7 Rd2+ 41.Kf3 Bg3 42.Ke3 Rd6 43.Bc2 Re6+ 44.Kf3 Rf6+ 45.Ke3 Bf2+ 46.Ke2 
Bg3 47.Ke3 Kg7 48.Bb3 Rf5 49.Rd7 Bh2 50.Bd5 Bg1+ 51.Kd3 Rf2 52.Rb7 Rf4 53.
Ke2 g5 54.Rc7 Kg6 55.Bf3 Ra4 56.Kd3 Rd4+ 57.Ke2 f6 58.Rb7 Ra4 59.Rc7 Kf5 
60.Rc6 Bd4 61.Kd3 Ke5 62.Rc4 Ra3+ 63.Ke2 f5 64.Rb4 Ra2+ 65.Kd3 Bf2 66.Rc4 
Be1 67.Rc2 Ra3+ 68.Ke2 Bc3 69.Kd3 Bd4+ 70.Ke2 Bc3 71.Kd3 Ba5+ 72.Ke2 Kf4 
73.Rc5 Bb6 74.Rb5 Ra2+ 75.Kd3 Bg1 76.Bc6 Ra1 77.Ke2 Ra2+ 78.Kd3 g4 79.Bd7 
Rxg2 80.Rxf5+ Kg3 81.hxg4 h3 82.Rh5 h2 83.Bc6 Ra2 84.g5 Ra6 85.Be4 Rd6+ 
86.Ke2 Re6 87.Kd3 0-1

[Event "22nd Reykjavik op"]
[Site "Reykjavik ISL"]
[Date "2006.03.08"]
[Round "3.9"]
[White "Williams, Simon"]
[Black "Hillarp Persson, Tiger"]
[WhiteElo "2452"]
[BlackElo "2548"]
[Result "1/2-1/2"]
[EventDate "2006.03.06"]
[PlyCount "83"]

1.d4 d5 2.c4 c6 3.Nc3 Nf6 4.Nf3 e6 5.Bg5 h6 6.Bh4 dxc4 7.e4 g5 8.Bg3 b5 9.
Ne5 h5 10.h4 g4 11.Be2 Bb7 12.O-O Nbd7 13.Qc2 Nxe5 14.Bxe5 Rh6 15.Rad1 Nd7
16.Bg3 a6 17.d5 cxd5 18.exd5 e5 19.a4 Be7 20.axb5 Bxh4 21.Bxh4 Qxh4 22.Qe4
a5 23.Bxc4 Qg5 24.f4 gxf3 25.Qxf3 O-O-O 26.Ne4 Qg6 27.b3 h4 28.Kh2 Rf8 29.
Qf5 Kc7 30.d6+ Kd8 31.Bd5 Bxd5 32.Rxd5 Qxf5 33.Rxf5 f6 34.b6 Ke8 35.b7 Kf7
36.Nc5 Nxc5 37.Rxc5 Rb8 38.d7 Ke6 39.d8=Q Rxd8 40.Rc8 Rhh8 41.b8=Q Rxc8 
42.Rxf6+ 1/2-1/2

[Event "22nd Reykjavik op"]
[Site "Reykjavik ISL"]
[Date "2006.03.08"]
[Round "3.15"]
[White "Matamoros Franco, Carlos"]
[Black "Jonsson, Bjorgvin"]
[WhiteElo "2510"]
[BlackElo "2392"]
[Result "1-0"]
[EventDate "2006.03.06"]
[PlyCount "47"]

1.c4 e5 2.g3 Nc6 3.Bg2 g6 4.Nc3 Bg7 5.e4 d6 6.Nge2 Be6 7.Nd5 Qd7 8.O-O 
Nce7 9.d4 c6 10.Ne3 Bh3 11.Bxh3 Qxh3 12.c5 exd4 13.Nc4 dxc5 14.Nd6+ Kf8 
15.Qb3 Qe6 16.Qxe6 fxe6 17.Nf4 Nc8 18.Nxb7 e5 19.Ne6+ Kf7 20.Nbxc5 Nf6 21.
f4 exf4 22.Bxf4 Nb6 23.Nxg7 Kxg7 24.Be5 1-0

[Event "22nd Reykjavik op"]
[Site "Reykjavik ISL"]
[Date "2006.03.08"]
[Round "3.16"]
[White "Gara, Ticia"]
[Black "Akesson, Ralf"]
[WhiteElo "2265"]
[BlackElo "2494"]
[Result "1/2-1/2"]
[EventDate "2006.03.06"]
[PlyCount "74"]

1.e4 c6 2.d4 d5 3.exd5 cxd5 4.c4 Nf6 5.Nc3 e6 6.Nf3 Bb4 7.Bd3 dxc4 8.Bxc4 
O-O 9.O-O b6 10.Bg5 Bb7 11.Ne5 Nbd7 12.Nxd7 Qxd7 13.Bxf6 gxf6 14.d5 Bxc3 
15.bxc3 Bxd5 16.Qg4+ Kh8 17.Qh4 Qd8 18.Bxd5 exd5 19.Rad1 Rc8 20.Rd3 Rg8 
21.Rfd1 Rg5 22.f4 Rc4 23.Qf2 Rg8 24.Rxd5 Qe8 25.Rd7 Rxc3 26.Qd4 Rc6 27.
Rxa7 Re6 28.h3 Re1+ 29.Kh2 Rxd1 30.Qxd1 Qe4 31.Qd2 Kg7 32.Rd7 Rc8 33.Rxf7+
Kxf7 34.Qd7+ Kg6 35.Qxc8 Qxf4+ 36.Kh1 Qf1+ 37.Kh2 Qf4+ 1/2-1/2

[Event "22nd Reykjavik op"]
[Site "Reykjavik ISL"]
[Date "2006.03.08"]
[Round "3.20"]
[White "Johannesson, Ingvar Thor"]
[Black "Kristjansson, Stefan"]
[WhiteElo "2269"]
[BlackElo "2476"]
[Result "0-1"]
[EventDate "2006.03.06"]
[PlyCount "92"]

1.d4 Nf6 2.c4 c5 3.d5 e6 4.Nc3 exd5 5.cxd5 d6 6.Nf3 g6 7.h3 Bg7 8.e4 O-O 
9.Bd3 a6 10.a4 Re8 11.O-O Nh5 12.Re1 Nd7 13.g4 Nhf6 14.Bf4 h5 15.g5 Nh7 
16.h4 Ne5 17.Nxe5 dxe5 18.Be3 f6 19.Qd2 Qd7 20.f3 Qh3 21.Qg2 Qxh4 22.gxf6 
Qxf6 23.Bxc5 Ng5 24.Be2 Bh6 25.Kh1 Nh3 26.Bf1 Bd7 27.a5 Rac8 28.b4 Nf4 29.
Qf2 Bg5 30.Red1 Bh4 31.Qh2 g5 32.Ne2 g4 33.Ra3 Qg5 34.fxg4 hxg4 35.Ng3 Kg7
36.Kg1 Rh8 37.Qb2 Qh6 38.Bf2 Bxg3 39.Qxe5+ Kg8 40.Qxh8+ Kxh8 41.Rxg3 Rc2 
42.Re3 Bb5 43.Bxb5 Rxf2 44.Kxf2 Qh2+ 45.Ke1 axb5 46.d6 Qg1+ 0-1

[Event "22nd Reykjavik op"]
[Site "Reykjavik ISL"]
[Date "2006.03.08"]
[Round "3.22"]
[White "Moskow, Eric"]
[Black "Tissir, Mohamed"]
[WhiteElo "2248"]
[BlackElo "2444"]
[Result "0-1"]
[EventDate "2006.03.06"]
[PlyCount "67"]

1.d4 e6 2.Nf3 Nf6 3.e3 c5 4.Bd3 Nc6 5.O-O d5 6.b3 Qc7 7.a3 e5 8.dxe5 Nxe5 
9.Bb5+ Nc6 10.Bb2 Be6 11.Nbd2 Be7 12.Ne5 O-O 13.Bxc6 bxc6 14.f4 Rad8 15.f5
Bc8 16.Ng4 Nxg4 17.Qxg4 f6 18.Qh4 Bd6 19.e4 Rfe8 20.Rae1 Ba6 21.Rf3 Be5 
22.c3 c4 23.b4 d4 24.Nb1 c5 25.Rh3 h6 26.Qg4 Rf8 27.Bc1 cxb4 28.axb4 dxc3 
29.Nxc3 Rd3 30.Rxd3 cxd3 31.Nd5 Bxh2+ 32.Kh1 Qg3 33.Qd1 Qh4 34.g3 0-1